01254fam a22003254a 4500001000800000005001700008008004100025010001700066020001500083035002000098035002300118035001700141040001300158042000800171082001800179100006900197245012000266250001100386260019100397300004100588504005400629600006800683700002800751700003800779700002300817700002400840700002200864700002500886700001700911279395720220326193341.0010905s2000 mx a b f000 0 spa  a 2001439962 a9683673155 a(OCoLC)49375299 a(OCoLC)ocm49375299 a(NNC)2793957 aDLCcDLC apcc a701.18bC184p aLuis Camnitzer ... [et al.] ; edición a cargo de Rachel Weiss.00aPor América :bla obra de Juan Francisco Elso /cLuis Camnitzer ... [et al.] ; edición a cargo de Rachel Weiss. a1. ed. aMéxico :bUniversidad Nacional Autónoma de México, Instituto de Investigaciones Estéticas, Dirección General de Artes Plásticas, Coordinación de Difusión Cultural,c2000. a289 p. :bill. (some col.) ;c27 cm. aIncludes bibliographical references (p. 275-286).10aElso, Juan Francisco,d1956-1988xCriticism and interpretation.1 aCamnitzer, Luis,d1937-1 aElso, Juan Francisco,d1956-1988.1 aOrlando Hernandez 1 aCuauhtémoc Medina1 aGerardo Mosquera 1 aAlfredo Lopez Austin1 aRachel Weiss